LEADER 01747nam 2200421 n 450 001 996383704703316 005 20200824121234.0 035 $a(CKB)1000000000584315 035 $a(EEBO)2240941913 035 $a(UnM)99843326e 035 $a(UnM)99843326 035 $a(EXLCZ)991000000000584315 100 $a19910710d1626 uy | 101 0 $aeng 135 $aurbn||||a|bb| 200 04$aThe holy court. Or the Christian institution of men of quality$b[electronic resource] $eWith examples of those, who in court have flourished in sanctity. By Nicolas Caussin of the Society of Iesus. Written in French, & translated into English by T.H 210 $aPrinted. At Paris [i.e. Saint-Omer $cBy the English College Press]$danno Dom. M.DC.XXVI. [1626] 215 $a[18], 557, [5] p 300 $aT.H. = Sir Thomas Hawkins. 300 $aA translation of vol. 1 of: Cour sainte. 300 $aThe title page is engraved. 300 $aThe imprint is false; printed at Saint-Omer by the English College Press (STC). 300 $aCf. Folger catalogue, which gives signatures: [a]¹ *-2*⁴ A-4A⁴ + unsigned leaf (err.?) after 4A³. 300 $aWith a final errata leaf. 300 $aReproduction of the original in Cambridge University Library. 330 $aeebo-0021 606 $aChristian life$vEarly works to 1800 615 0$aChristian life 700 $aCaussin$b Nicolas$f1583-1651.$0717865 701 $aT. H$g(Thomas Hawkins),$cSir,$fd. 1640.$01004355 801 0$bCu-RivES 801 1$bCu-RivES 801 2$bCStRLIN 801 2$bWaOLN 906 $aBOOK 912 $a996383704703316 996 $aThe holy court. Or the Christian institution of men of quality$92381818 997 $aUNISA LEADER 01096cam0 22002893 450 001 SOB020855 005 20231025094914.0 010 $a8813242697 100 $a20040211d2003 |||||ita|0103 ba 101 $aita 102 $aIT 200 1 $aGiurisdizione ed efficacia delle decisioni straniere nel regolamento (CE) n.44/2001$ela revisione della Convenzione di Bruxelles del 1968$fFrancesco Salerno 205 $a2. ed 210 $aPadova$cCEDAM$d2003 215 $aXXI, 327 p.$d24 cm 300 $aSegue: Testo annesso 300 $aTit. dell'ed. precedente: La Convenzione di Bruxelles del 1968 e la sua revisione. 700 1$aSalerno$b, Francesco$3AF00004498$4070$0229778 801 0$aIT$bUNISOB$c20231025$gRICA 850 $aUNISOB 852 $aUNISOB$j340$m115351 912 $aSOB020855 940 $aM 102 Monografia moderna SBN 941 $aM 957 $a340$b004250$gSI$d115351$rACQUISTO$1rovito$2UNISOB$3UNISOB$420231025094821.0$520231025094835.0$6rovito 996 $aGiurisdizione ed efficacia delle decisioni straniere nel regolamento (CE) n.44$91676266 997 $aUNISOB